Trh práce a manažment ľudských zdrojov seminárne cvičenia
Guardado en:
| Autor principal: | |
|---|---|
| Autor Corporativo: | |
| Otros Autores: | , |
| Formato: | Libro |
| Lenguaje: | eslovaco |
| Publicado: |
Bratislava
Vydavateľstvo EKONÓM
2010
|
| Materias: | |
| Etiquetas: |
Sin Etiquetas, Sea el primero en etiquetar este registro!
|
MARC
| LEADER | 00000nam a2200000 4500 | ||
|---|---|---|---|
| 001 | 0114654 | ||
| 005 | 20240502072258.6 | ||
| 020 | |a 978-80-225-2951-8 | ||
| 041 | 0 | |a slo | |
| 044 | |a SK | ||
| 245 | 1 | 0 | |a Trh práce a manažment ľudských zdrojov |b seminárne cvičenia |c Mária Antalová |
| 264 | 1 | |a Bratislava |b Vydavateľstvo EKONÓM |c 2010 | |
| 300 | |a 194 s. [8,651 AH] | ||
| 610 | 2 | 0 | |a trh práce |
| 610 | 2 | 0 | |a zdroje ľudské |
| 610 | 2 | 0 | |a manažment |
| 610 | 2 | 0 | |a riadenie personálne |
| 610 | 2 | 0 | |a projektovanie |
| 610 | 2 | 0 | |a diagramy |
| 610 | 2 | 0 | |a podnik |
| 610 | 2 | 0 | |a štruktúra organizačná |
| 610 | 2 | 0 | |a zmeny organizačné |
| 610 | 2 | 0 | |a vedenie ľudí |
| 610 | 2 | 0 | |a lídri |
| 610 | 2 | 0 | |a kultúra podniková |
| 610 | 2 | 0 | |a motivácia pracovná |
| 610 | 2 | 0 | |a pracovníci |
| 610 | 2 | 0 | |a komunikácia firemná |
| 610 | 2 | 0 | |a plánovanie síl pracovných |
| 610 | 2 | 0 | |a miesta pracovné |
| 610 | 2 | 0 | |a riadenie kvality |
| 100 | 1 | |a Antalová, Mária, 1952- | |
| 700 | 1 | |a Matulčíková, Marta, 1964- | |
| 700 | 1 | |a Frišták, Ján | |
| 710 | 2 | |a Ekonomická univerzita v Bratislave. Národohospodárska fakulta | |